000 00940cam a22003017a 4500
003 CHAP
005 20220329140632.0
008 971013c19841979 r 00010 d
010 _a55104
011 _a56076
035 _a60229
040 _cCHAP
082 _a150
_bY3y
100 0 0 _aYaroshevsky, M. G.
_9122999
245 1 3 _aLa psicología en el siglo XX
_b: el desarrollo de la psicología y sus problemas teóricos
260 _aMéxico, D.F. :
_bGrijalbo,
_c1984 (c.1979)
300 _a392 p.
490 0 _aCol. enlace
590 _aBATCH-UPD
_b10
_c20130110
_lUCH01
_h0637
590 _aBATCH-UPD
_b10
_c20130410
_lUCH01
_h0321
590 _aBATCH-UPD
_b10
_c20130914
_lUCH01
_h1001
590 _aCONVERSION
_b10
_c20130109
_lUCH01
_h1330
650 1 4 _aPsicología.
_992597
830 0 _aCol. enlace
_924549
901 _aBK
942 _cLIBRO
949 _a150 Y3y
_bBC
_cLIBRO
_d33724000937322
_eLIBRO
_gI.c/e
_h65724
_i60229
_si
_t890.00
999 _c55104
_d55104